[Event "RSA-ch U14"]
[Site "Gauteng"]
[Date "2017.04.10"]
[Round "9"]
[White "Maharaj, Ameet"]
[Black "Naidoo, Tashil"]
[Result "1/2-1/2"]
[WhiteElo "1273"]
[BlackElo "1302"]
[PlyCount "113"]
[EventDate "2017.04.05"]
[EventType "swiss"]
[EventRounds "11"]
[EventCountry "RSA"]
[SourceTitle "CBM 177 Extra"]
[Source "ChessBase"]
[SourceDate "2017.04.27"]
[SourceVersion "1"]
[SourceVersionDate "2017.04.27"]
[SourceQuality "1"]

1. e4 c5 2. c3 g6 3. d4 cxd4 4. cxd4 d5 5. e5 Nc6 6. Bb5 a6 7. Bxc6+ bxc6 8. Nc3 Bg7 9. h3 e6 10. Nf3 Ne7 11. Bg5 h6 12. Be3 0-0 13. Qd2 Kh7 14. Nh2 Nf5 15. Bf4 g5 16. g4 Nh4 17. Bg3 Ng2+ 18. Kf1 Nh4 19. Qd3+ Kg8 20. Nf3 a5 21. Kg1 Ba6 22. Qe3 f5 23. exf6 Nxf3+ 24. Qxf3 Rxf6 25. Qe3 Qf8 26. Be5 Rf7 27. Bxg7 Kxg7 28. Rh2 Qd6 29. Re1 Re8 30. Na4 Bb5 31. Nc5 Rf6 32. b3 a4 33. bxa4 Bc4 34. Qa3 Kf7 35. Re3 Rf4 36. Rf3 Rb8 37. Rxf4+ Qxf4 38. Kg2 Qxd4 39. Qf3+ Ke7 40. Qa3 Qb2 41. Qe3 d4 42. Qe5 Bd5+ 43. Ne4 Bxe4+ 44. Qxe4 Kd6 45. Qd3 Qc3 46. Qg6 d3 47. Rh1 d2 48. Rd1 Rf8 49. Qe4 Rf4 50. Qe3 Qxe3 51. fxe3 Rxa4 52. Rxd2+ Ke5 53. Kf3 Ra5 54. Rc2 Kd6 55. Rd2+ Rd5 56. Rd4 c5 57. Ra4 1/2-1/2

[Event "RSA-ch U14"]
[Site "Gauteng"]
[Date "2017.04.08"]
[Round "7"]
[White "Maharaj, Ameet"]
[Black "Prithipal, Abhay"]
[Result "1-0"]
[WhiteElo "1273"]
[BlackElo "1312"]
[PlyCount "87"]
[EventDate "2017.04.05"]
[EventType "swiss"]
[EventRounds "11"]
[EventCountry "RSA"]
[SourceTitle "CBM 177 Extra"]
[Source "ChessBase"]
[SourceDate "2017.04.27"]
[SourceVersion "1"]
[SourceVersionDate "2017.04.27"]
[SourceQuality "1"]

1. e4 e6 2. d4 d5 3. Nc3 Bb4 4. e5 c5 5. Qg4 cxd4 6. Qxd4 Nc6 7. Bb5 Qa5 8. Bxc6+ bxc6 9. Bd2 Qb6 10. Qf4 Ne7 11. Na4 Bxd2+ 12. Qxd2 Qb5 13. b3 Ba6 14. Ne2 Ng6 15. Nac3 Qb8 16. f4 Bxe2 17. Nxe2 Qb6 18. g3 Ne7 19. Qd4 c5 20. Qa4+ Qc6 21. Nc3 Kd7 22. Nb5 Nf5 23. c4 dxc4 24. 0-0-0+ Ke7 25. Nd6 Nd4 26. Qxc6 Nxc6 27. Nxc4 Rhd8 28. Nd6 Nd4 29. Rd2 Rxd6 30. exd6+ Kxd6 31. b4 Kc6 32. bxc5 Kxc5 33. Rhd1 Rd8 34. Rc2+ Kb6 35. Rcd2 Kc5 36. Kb2 Rd5 37. Rc1+ Kb6 38. Rc4 Nf3 39. Rxd5 exd5 40. Rc2 g5 41. Rf2 g4 42. h3 h5 43. hxg4 hxg4 44. Re2 1-0

[Event "RSA-ch U14"]
[Site "Gauteng"]
[Date "2017.04.07"]
[Round "5"]
[White "Maharaj, Ameet"]
[Black "Malan, Jacques"]
[Result "0-1"]
[WhiteElo "1273"]
[BlackElo "1379"]
[PlyCount "56"]
[EventDate "2017.04.05"]
[EventType "swiss"]
[EventRounds "11"]
[EventCountry "RSA"]
[SourceTitle "CBM 177 Extra"]
[Source "ChessBase"]
[SourceDate "2017.04.27"]
[SourceVersion "1"]
[SourceVersionDate "2017.04.27"]
[SourceQuality "1"]

1. e4 c5 2. c3 e6 3. d4 d5 4. e5 Nc6 5. Nf3 Qb6 6. Be2 Nge7 7. 0-0 Nf5 8. Kh1 Bd7 9. g4 Nfe7 10. b3 Ng6 11. Be3 Rc8 12. a3 cxd4 13. cxd4 Be7 14. b4 0-0 15. Nc3 f5 16. exf6 Bxf6 17. Na4 Qd8 18. Nc5 b6 19. g5 Be7 20. Nb3 Bd6 21. h4 Nce7 22. h5 Nf4 23. Ne5 Bxe5 24. dxe5 Nc6 25. Qd2 Qxg5 26. Bxf4 Rxf4 27. Bg4 Qxg4 28. Rg1 Qh3# 0-1